Innovation Funding From European Structural and Investment Funds

Gespeichert in:
Bibliographische Detailangaben
1. Verfasser: Šoltésová, Klaudia, 1995-
Format: Buchkapitel
Sprache:Englisch
Schlagworte:
Tags: Tag hinzufügen
Keine Tags, Fügen Sie das erste Tag hinzu!

MARC

LEADER 00000naa$a2200000$$$4500
001 0290416
005 20240502074450.6
041 0 |a eng 
044 |a SK 
245 1 0 |a Innovation Funding From European Structural and Investment Funds  |c Klaudia Šoltésová 
500 |a Abstrakt 
610 2 0 |a fondy štruktúrne 
610 2 0 |a fondy investičné 
610 2 0 |a fondy Európskej únie 
610 2 0 |a inovácia 
610 2 0 |a financovanie 
610 2 0 |a programy operačné 
100 1 |a Šoltésová, Klaudia, 1995-